00519nam a2200181Ia 450000500170000000800410001708200150005824500380007326000410011130000130015265000130016565000130017865000080019170000210019994200060022095200960022699900150032220240424071703.0240331s9999 xx 000 0 und d bRADa331.4 0aRadical America :bwomen's labour aMassachusetts bWomen's Labourc1973 a190 p ., aFeminist aPolitics aSex aBuhle, Pauleedt cL 001040708LaWERCLbWERCLcSSCd2024-03-31l0o 331.4 RADp154r2024-03-31w2024-03-31yL c2732d2732